000 00649nam a2200265Ia 4500
005 20260306172723.0
008 008 260114s9999 xx 000 0 eng d
020 _a9789354439711
037 _aEBOOK
040 _aCRL
040 _beng
040 _cCRL
041 _2eng
041 _aeng
084 _qCRL
100 _aKumari, Lalita , Shyam, Radhey
_91131251
245 0 _aPython Programming
260 _bPHI
260 _c2025
650 _aFaculty of Technology/ Computer Science
856 _uhttps://elibrary.phindia.com/ebooks/reader/9789354439711
942 _cEBOOK
999 _c1714891
_d1714891